The Word, church, and sacraments in Protestantism and Catholicism. (Record no. 118050)
[ view plain ]
| 000 -LEADER | |
|---|---|
| fixed length control field | 00913cam a2200253u 4500 |
| 001 - CONTROL NUMBER | |
| control field | 9368927 |
| 003 - CONTROL NUMBER IDENTIFIER | |
| control field | ARRUPE |
| 005 - DATE AND TIME OF LATEST TRANSACTION | |
| control field | 20130925165038.0 |
| 008 - FIXED-LENGTH DATA ELEMENTS--GENERAL INFORMATION | |
| fixed length control field | 830722s1961 nyu 000 0 eng |
| 010 ## - LIBRARY OF CONGRESS CONTROL NUMBER | |
| LC control number | 61011030 |
| 040 ## - CATALOGING SOURCE | |
| Original cataloging agency | DLC |
| Transcribing agency | CarP |
| Modifying agency | DLC |
| 050 00 - LIBRARY OF CONGRESS CALL NUMBER | |
| Classification number | BT88 |
| Item number | .B633 1961 |
| 300 ## - PHYSICAL DESCRIPTION | |
| Dimensions | 20 cm. |
| 100 1# - MAIN ENTRY--PERSONAL NAME | |
| Personal name | Bouyer, Louis, |
| Dates associated with a name | 1913-2004. |
| 9 (RLIN) | 1281 |
| 240 00 - UNIFORM TITLE | |
| Uniform title | <a href="Parole, église et sacrements dans le protestantisme et le catholicisme. English. [from old catalog]">Parole, église et sacrements dans le protestantisme et le catholicisme. English. [from old catalog]</a> |
| 245 14 - TITLE STATEMENT | |
| Title | The Word, church, and sacraments in Protestantism and Catholicism. |
| 260 ## - PUBLICATION, DISTRIBUTION, ETC. (IMPRINT) | |
| Place of publication, distribution, etc | New York, |
| Name of publisher, distributor, etc | Desclee Co., |
| Date of publication, distribution, etc | 1961. |
| 300 ## - PHYSICAL DESCRIPTION | |
| Extent | 80 p. |
| 610 20 - SUBJECT ADDED ENTRY--CORPORATE NAME | |
| Corporate name or jurisdiction name as entry element | Catholic Church |
| General subdivision | Relations |
| -- | Protestant churches. |
| 9 (RLIN) | 1282 |
| 650 #0 - SUBJECT ADDED ENTRY--TOPICAL TERM | |
| Topical term or geographic name as entry element | Authority |
| General subdivision | Religious aspects. |
| 9 (RLIN) | 1283 |
| 650 #0 - SUBJECT ADDED ENTRY--TOPICAL TERM | |
| Topical term or geographic name as entry element | Sacraments. |
| 9 (RLIN) | 1284 |
| 650 #0 - SUBJECT ADDED ENTRY--TOPICAL TERM | |
| Topical term or geographic name as entry element | Protestant churches |
| General subdivision | Relations |
| -- | Catholic Church. |
| 9 (RLIN) | 1285 |
| 906 ## - LOCAL DATA ELEMENT F, LDF (RLIN) | |
| a | 0 |
| b | cbc |
| c | premunv |
| d | u |
| e | ncip |
| f | 19 |
| g | y-gencatlg |
| 942 ## - ADDED ENTRY ELEMENTS (KOHA) | |
| Source of classification or shelving scheme | Library of Congress Classification |
| Koha item type | Monograph ( Printed materials) |
| Withdrawn status | Lost status | Source of classification or shelving scheme | Damaged status | Not for loan | Collection code | Home library | Current library | Shelving location | Date acquired | Total Checkouts | Full call number | Barcode | Date last seen | Price effective from | Koha item type |
|---|---|---|---|---|---|---|---|---|---|---|---|---|---|---|---|
| Library of Congress Classification | Main Collection | ARRUPE LIBRARY | ARRUPE LIBRARY | Main Collection | 25/09/2013 | BT88 .B633 1961 | 46407558 | 11/01/2017 | 25/09/2013 | Monograph ( Printed materials) |